Spell the Marvel Character #273 - Statistics

General Stats
  • This quiz has been taken 14 times
  • The average score is 5 of 7
Answer Stats
Picture Answer % Correct
Ant-Man
100%
Elektra
86%
Hawkeye (Kate Bishop)
86%
Tigra
79%
Northstar
64%
Anthem
57%
Miss Patriot
36%
No matching quizzes found
Score Distribution
Percent of People with Each Score
Percentile by Number Answered
Your Score History
You have not taken this quiz